The Twelve Apostles by Picture - Statistics

General Stats
  • This quiz has been taken 9 times
  • The average score is 9 of 12
Answer Stats
Picture Answer % Correct
John
100%
Peter
100%
Thomas
100%
Andrew
86%
James the Less
86%
Judas
86%
Matthew
71%
Bartholomew/Nathaniel
57%
James the Greater
57%
Philip
57%
Simon
57%
Jude/Thaddeus
43%
No matching quizzes found
Score Distribution
Percent of People with Each Score
Percentile by Number Answered
Your Score History
You have not taken this quiz